00940nam a2200241 a 4500001000900000005001700009008003900026020001500065040001800080050002200098100002700120245010300147260004300250300002400293500011900317500003500436650004300471651004600514902000800560942001100568999001300579952010600592BRCA_32520190320202947.0810429s1981 enka 000 0 eng a0521240654 aDLCcDLCdDLC 4aNK4175b.B65 19811 aBourriau, Janine9108210aUmm El-Ga`abbPottery from the Nile Valley before the Arab Conquestccatalogue by Janine Bourriau. aNueva YorkbCambridge Universityc1981 a142 p.bil.c29 cm. aCatálogo de la exposición realizada en el Museo Fitzwilliam Museum (Cambridge), 6 octubre - 11 diciembre, 1981 aDonación Consejo Británico14aCerámicaxExposicioneszEgipto91083 4aUmm al-Qa`ab (Egipto)xExposiciones91084 aDCB 2lcccB c262d262 00104070aBRCAbBRCAd2008-06-25l0oNK4175 .B65 1981pDCB00011r2019-03-22 00:00:00w2019-03-22yB